[Event "2017 Seattle Chess Classic"]
[Site "?"]
[Date "????.??.??"]
[Round "7"]
[White "Tu, Robin"]
[Black "Patton, Lorenzo"]
[Result "0-1"]
[WhiteElo "1679"]
[BlackElo "1487"]
[PlyCount "92"]
[SourceDate "2017.09.07"]
[SourceVersionDate "2017.09.07"]

1. e4 e6 2. d4 d5 3. e5 c5 4. c3 Nc6 5. Nf3 cxd4 6. cxd4 Bb4+ 7. Bd2 Bxd2+ 8.
Qxd2 Nge7 9. Nc3 O-O 10. Bd3 Qb6 11. O-O Nb4 12. Ng5 Nxd3 13. Qxd3 Ng6 14. Nb5
h6 15. Nxf7 Rxf7 16. Nd6 Nf4 17. Qc2 Rc7 18. Qd2 Qxd4 19. Qa5 b6 20. Qe1 Ba6
21. Rd1 Qxb2 22. Qe3 Bxf1 23. Rxf1 Ne2+ 24. Kh1 Rc1 25. g3 Rxf1+ 26. Kg2 Rg1+
27. Kh3 Rf8 28. a4 Nd4 29. f4 Qg2+ 30. Kg4 Qe2+ 31. Qxe2 Nxe2 32. f5 exf5+ 33.
Kf3 Nd4+ 34. Ke3 Ne6 35. Nb5 Ra1 36. Nxa7 Rxa4 37. Nb5 Re4+ 38. Kd3 Rxe5 39.
Nc3 f4 40. gxf4 Rxf4 41. Nb5 Rh4 42. Na7 Rxh2 43. Nc8 Rh3+ 44. Kd2 Rg5 45. Nxb6
Rg2+ 46. Ke1 Rh1# 0-1

[Event "2017 Seattle Chess Classic"]
[Site "?"]
[Date "????.??.??"]
[Round "7"]
[White "Taylor, Thomas"]
[Black "Zhang, Eric"]
[Result "1/2-1/2"]
[WhiteElo "1648"]
[BlackElo "2023"]
[PlyCount "79"]
[SourceDate "2017.09.08"]
[SourceVersionDate "2017.09.08"]

1. e4 c5 2. c4 Nc6 3. g3 g6 4. Bg2 Bg7 5. Nc3 e6 6. Nge2 Nge7 7. O-O O-O 8. d3
b6 9. Bf4 d6 10. Rb1 Bb7 11. Qd2 Re8 12. Bh6 Bh8 13. f4 f5 14. Bg5 Qd7 15. Rbd1
Nd4 16. h3 a6 17. a4 Nec6 18. exf5 gxf5 19. Kh2 Bg7 20. Rde1 Kh8 21. Ng1 Nb4
22. Nf3 Bxf3 23. Bxf3 Nxf3+ 24. Rxf3 d5 25. cxd5 exd5 26. Rfe3 d4 27. Re7 Rxe7
28. Rxe7 dxc3 29. bxc3 Qxd3 30. Qe1 Qd5 31. cxb4 c4 32. Re8+ Rxe8 33. Qxe8+ Qg8
34. Qc6 c3 35. Bf6 Qa2+ 36. Kh1 Qb1+ 37. Kh2 Qc2+ 38. Kg1 Qd1+ 39. Kf2 Qd2+ 40.
Kf1 1/2-1/2

[Event "2017 Seattle Chess Classic"]
[Site "?"]
[Date "????.??.??"]
[Round "7"]
[White "Doknjas, Joshua"]
[Black "McCormick, Cale"]
[Result "1-0"]
[WhiteElo "2223"]
[BlackElo "2202"]
[PlyCount "103"]
[SourceDate "2017.09.08"]
[SourceVersionDate "2017.09.08"]

1. e4 e6 2. d4 d5 3. Nc3 Nf6 4. Bg5 dxe4 5. Nxe4 Be7 6. Bxf6 gxf6 7. Qd2 f5 8.
Nc3 a6 9. O-O-O b5 10. d5 e5 11. f4 Bb7 12. Kb1 e4 13. g4 Nd7 14. gxf5 Nf6 15.
Qd4 c5 16. Qe5 Qd6 17. Bg2 O-O-O 18. Nh3 Qxe5 19. fxe5 Nxd5 20. Nxd5 Bxd5 21.
f6 Bf8 22. Nf4 Bc6 23. Rxd8+ Kxd8 24. e6 Bh6 25. e7+ Kc7 26. Nh5 Rg8 27. Ng3
Bf4 28. Bxe4 Bd7 29. Bf5 Bc6 30. Re1 Bxg3 31. hxg3 Rxg3 32. Bxh7 Be8 33. Rf1
Rh3 34. Be4 Rh6 35. c3 Bd7 36. Kc1 Rh8 37. Rd1 a5 38. Bd5 Be8 39. a4 Rh6 40.
Ba2 Rxf6 41. Rd8 Rf1+ 42. Kd2 Rf2+ 43. Ke3 Rxb2 44. Rxe8 Kd7 45. Rf8 Kxe7 46.
Rxf7+ Kd6 47. Rf2 Rxf2 48. Kxf2 b4 49. c4 Ke5 50. Ke3 Kf5 51. Bb1+ Ke5 52. Bc2
1-0

[Event "2017 Seattle Chess Classic"]
[Site "?"]
[Date "????.??.??"]
[Round "7"]
[White "Sohal, Tanraj"]
[Black "Perez, Ignacio"]
[Result "1/2-1/2"]
[WhiteElo "2314"]
[BlackElo "2220"]
[PlyCount "99"]
[SourceDate "2017.09.08"]
[SourceVersionDate "2017.09.08"]

1. d4 Nf6 2. c4 g6 3. Nc3 Bg7 4. e4 d6 5. Nf3 O-O 6. Be2 Nbd7 7. O-O e5 8. Qc2
exd4 9. Nxd4 Re8 10. Be3 c6 11. Rad1 Qe7 12. f3 a5 13. Bg5 h6 14. Bh4 Qf8 15.
g4 Ne5 16. h3 g5 17. Bg3 Nh7 18. h4 Ng6 19. h5 Nf4 20. Kh2 Be5 21. Rfe1 Nf6 22.
Qd2 a4 23. Nc2 Qg7 24. Rc1 Nd7 25. Ne3 Nc5 26. Bf1 Qf6 27. Rc2 Ra6 28. Ng2 Rb6
29. Rb1 Nfe6 30. Qe3 Rb4 31. Ne2 Bd7 32. Bxe5 dxe5 33. Rd1 Rd8 34. Ne1 Bc8 35.
Rxd8+ Qxd8 36. Qc3 Qb6 37. Qxe5 Nd7 38. Qc3 Qf2+ 39. Bg2 c5 40. Nd3 Qh4+ 41.
Kg1 Rb6 42. e5 Ra6 43. Rc1 b6 44. Rd1 Ra7 45. Nf2 Nf4 46. Qe3 Nxe2+ 47. Qxe2
Nf8 48. Ne4 Kg7 49. Qe3 Be6 50. Qc3 1/2-1/2

[Event "2017 Seattle Chess Classic"]
[Site "?"]
[Date "????.??.??"]
[Round "8"]
[White "Perez, Ignacio"]
[Black "Feng, Roland"]
[Result "1/2-1/2"]
[WhiteElo "2220"]
[BlackElo "2471"]
[PlyCount "60"]
[SourceDate "2017.09.08"]
[SourceVersionDate "2017.09.08"]

1. d4 Nf6 2. Nf3 e6 3. Bg5 c5 4. e3 h6 5. Bh4 Nc6 6. Nbd2 d5 7. c3 g5 8. Bg3
Nh5 9. Be5 Nf6 10. Bg3 Nh5 11. Ne5 Nxg3 12. Nxc6 bxc6 13. fxg3 Qb6 14. Be2 Bg7
15. O-O O-O 16. Nb3 c4 17. Nc5 Qxb2 18. Rc1 e5 19. Bh5 f5 20. Rc2 Qb6 21. Rcf2
Qd8 22. Bg6 f4 23. gxf4 gxf4 24. Bb1 Rb8 25. g3 Bh3 26. gxf4 exf4 27. Qc2 Qg5+
28. Kh1 Bxf1 29. Qh7+ Kf7 30. Rxf1 Rxb1 1/2-1/2

[Event "2017 Seattle Chess Classic"]
[Site "?"]
[Date "????.??.??"]
[Round "8"]
[White "Doknjas, John"]
[Black "Breckenridge, Steven"]
[Result "0-1"]
[WhiteElo "2255"]
[BlackElo "2411"]
[PlyCount "78"]
[SourceDate "2017.09.08"]
[SourceVersionDate "2017.09.08"]

1. d4 Nf6 2. c4 e6 3. Nc3 Bb4 4. e3 O-O 5. Bd3 d5 6. Nf3 c5 7. O-O Nc6 8. a3
Ba5 9. dxc5 Bxc3 10. bxc3 dxc4 11. Bxc4 Qa5 12. Qe2 Ne4 13. Bd3 Nxc5 14. Bxh7+
Kxh7 15. Ng5+ Kg6 16. Qg4 f5 17. Qg3 Kf6 18. Nh7+ Kf7 19. Nxf8 Kxf8 20. c4 Ne4
21. Qh4 Qd8 22. Qh8+ Kf7 23. Qh5+ Kg8 24. Rd1 Qe7 25. Bb2 Bd7 26. Qe2 Nc5 27.
Qd2 Be8 28. Qc2 Rc8 29. a4 Nb4 30. Qc3 Nxa4 31. Qb3 Nxb2 32. Qxb2 b6 33. e4
fxe4 34. Qe5 Rxc4 35. Rd6 Bf7 36. Qf4 e5 37. Qd2 Nd3 38. Rxa7 Qxd6 39. Ra8+ Kh7
0-1

[Event "2017 Seattle Chess Classic"]
[Site "?"]
[Date "????.??.??"]
[Round "8"]
[White "Norovsambuu, Badamkhand"]
[Black "Deshpande, Aaryan"]
[Result "0-1"]
[WhiteElo "2120"]
[BlackElo "1983"]
[PlyCount "53"]
[SourceDate "2017.09.08"]
[SourceVersionDate "2017.09.08"]

1. d4 Nf6 2. c4 g6 3. Nc3 Bg7 4. e4 d6 5. Nf3 O-O 6. Be2 e5 7. dxe5 dxe5 8.
Qxd8 Rxd8 9. Bg5 Re8 10. O-O-O c6 11. Nxe5 Nxe4 12. Nxe4 Bxe5 13. f4 Bf5 14.
Bf3 Bxe4 15. Bxe4 Bg7 16. Bf3 Na6 17. g4 h6 18. Bh4 Re3 19. Rhf1 Nb4 20. Rd7
Nxa2+ 21. Kb1 Nb4 22. Bd1 Nd3 23. f5 g5 24. f6 Nc5 25. Rd4 gxh4 26. fxg7 Re4
27. Rd3 0-1

[Event "2017 Seattle Chess Classic"]
[Site "?"]
[Date "????.??.??"]
[Round "8"]
[White "Lee, Addison"]
[Black "Du, Shuhan"]
[Result "1-0"]
[WhiteElo "1967"]
[BlackElo "1709"]
[PlyCount "96"]
[SourceDate "2017.09.08"]
[SourceVersionDate "2017.09.08"]

1. d4 Nf6 2. c4 e6 3. Nf3 b6 4. g3 Bb7 5. Bg2 c5 6. O-O Be7 7. Nc3 O-O 8. d5
exd5 9. cxd5 d6 10. e4 Re8 11. Qc2 Bf8 12. Nd2 a6 13. a4 Nbd7 14. Nc4 Rb8 15.
Na3 Qc7 16. b3 g6 17. Bb2 Bg7 18. Rae1 Nf8 19. f4 Bc8 20. e5 Bf5 21. Qd2 dxe5
22. fxe5 N6d7 23. d6 Qd8 24. Nd5 Nxe5 25. Nc7 Re7 26. Qd5 Nf3+ 27. Bxf3 Rxe1
28. Rxe1 Bxb2 29. Re8 Qxe8 30. Nxe8 Rxe8 31. Nc4 Bd4+ 32. Kf1 b5 33. axb5 axb5
34. Nd2 Be6 35. Qc6 Bd7 36. Qb7 Re6 37. Ne4 Kg7 38. g4 h6 39. Kg2 Re5 40. h3
Re6 41. Qc7 Re5 42. Qb6 Be3 43. b4 f5 44. Nxc5 fxg4 45. hxg4 Kf7 46. Qc7 Bxc5
47. bxc5 Ke6 48. c6 Rc5 1-0

[Event "2017 Seattle Chess Classic"]
[Site "?"]
[Date "????.??.??"]
[Round "?"]
[White "Puri, Rishay"]
[Black "Szeto, Sophie"]
[Result "0-1"]
[WhiteElo "690"]
[BlackElo "1447"]
[PlyCount "74"]
[SourceDate "2017.09.08"]
[SourceVersionDate "2017.09.08"]

1. e4 c5 2. Nf3 d6 3. Nc3 Nc6 4. Bc4 Nf6 5. O-O g6 6. h3 Bg7 7. d3 O-O 8. Be3
Bd7 9. Qd2 Re8 10. Bh6 Bh8 11. Rfe1 Qc7 12. Qf4 Ne5 13. Nxe5 dxe5 14. Qf3 a6
15. a3 b5 16. Ba2 c4 17. dxc4 bxc4 18. Rad1 Be6 19. b3 cxb3 20. Bxb3 Bxb3 21.
cxb3 Qa5 22. a4 Rab8 23. Nd5 Nxd5 24. Rxd5 Qxe1+ 25. Kh2 Qb4 26. Rd3 Red8 27.
Rc3 Bg7 28. Bg5 Rd4 29. Rc2 f6 30. Be3 Rd3 31. Qe2 Qxb3 32. Bc5 Rc3 33. Rxc3
Qxc3 34. Bxe7 Qc6 35. Qa2+ Kh8 36. Qf7 Qe8 37. Qe6 Rb7 0-1

[Event "2017 Seattle Chess Classic"]
[Site "?"]
[Date "????.??.??"]
[Round "8"]
[White "He, Daniel"]
[Black "Doknjas, Joshua"]
[Result "1-0"]
[WhiteElo "2294"]
[BlackElo "2223"]
[PlyCount "35"]
[SourceDate "2017.09.08"]
[SourceVersionDate "2017.09.08"]

1. e4 c5 2. Nc3 a6 3. Nge2 Nf6 4. g3 b5 5. Bg2 Bb7 6. d4 cxd4 7. Nxd4 e6 8. Qe2
d6 9. O-O Be7 10. Re1 O-O 11. e5 Nd5 12. Nxd5 Bxd5 13. Bxd5 exd5 14. e6 Qc8 15.
Nf5 Nc6 16. Qg4 g6 17. exf7+ Kxf7 18. Rxe7+ 1-0

[Event "2017 Seattle Chess Classic"]
[Site "?"]
[Date "????.??.??"]
[Round "7"]
[White "Tsogtsaikhan, Saikhanchimeg"]
[Black "He, Daniel"]
[Result "1/2-1/2"]
[WhiteElo "2184"]
[BlackElo "2294"]
[PlyCount "41"]
[SourceDate "2017.09.08"]
[SourceVersionDate "2017.09.08"]

1. e4 c5 2. Nf3 e6 3. d4 cxd4 4. Nxd4 a6 5. Nc3 Qc7 6. Bd3 Nc6 7. Be3 Nf6 8.
O-O Nxd4 9. Bxd4 Bc5 10. Bxc5 Qxc5 11. Kh1 e5 12. f4 d6 13. Qf3 exf4 14. Qxf4
Be6 15. Qg3 Nh5 16. Qh4 Nf6 17. Rae1 O-O-O 18. Qg3 Nh5 19. Qf3 Nf6 20. Qg3 Nh5
21. Qf3 1/2-1/2

[Event "2017 Seattle Chess Classic"]
[Site "?"]
[Date "????.??.??"]
[Round "7"]
[White "Orlova, Yelizaveta"]
[Black "Velea, Anne-Marie"]
[Result "1/2-1/2"]
[WhiteElo "1954"]
[BlackElo "1765"]
[PlyCount "53"]
[SourceDate "2017.09.08"]
[SourceVersionDate "2017.09.08"]

1. d4 d5 2. Nf3 Nf6 3. e3 e6 4. Nbd2 Be7 5. Bd3 O-O 6. O-O b6 7. c4 Bb7 8. b3
Nbd7 9. Bb2 c5 10. Rc1 Rc8 11. Qe2 Rc7 12. Rfd1 Ne4 13. Ne5 Nxe5 14. dxe5 Nxd2
15. Rxd2 Qa8 16. f4 g6 17. g4 f5 18. exf6 Bxf6 19. Bxf6 Rxf6 20. g5 Rf8 21. Rf1
Rcf7 22. cxd5 exd5 23. Qg4 Bc8 24. Qg3 Bf5 25. Bxf5 Rxf5 26. h4 Qb7 27. Re2
1/2-1/2

[Event "2017 Seattle Chess Classic"]
[Site "?"]
[Date "????.??.??"]
[Round "?"]
[White "Kaelin, Alex"]
[Black "Puri, Rishay"]
[Result "1-0"]
[WhiteElo "1528"]
[BlackElo "690"]
[PlyCount "85"]
[SourceDate "2017.09.08"]
[SourceVersionDate "2017.09.08"]

1. e4 e5 2. Nf3 Nc6 3. Bc4 Bc5 4. c3 Nf6 5. d3 d6 6. Bb3 Bg4 7. O-O O-O 8. Nbd2
d5 9. exd5 Nxd5 10. Ne4 Bb6 11. Ng3 Re8 12. h3 Be6 13. Re1 Qd6 14. Be3 Nxe3 15.
fxe3 Rad8 16. Bc2 f5 17. Nf1 Qd7 18. d4 e4 19. Ng5 Ne7 20. Nxe6 Qxe6 21. Bb3
Nd5 22. c4 Ne7 23. c5 Nd5 24. cxb6 axb6 25. Bxd5 Rxd5 26. Qb3 Kh8 27. Rac1 Re7
28. Rc2 Qd7 29. Rxc7 Qxc7 30. Qxd5 Rf7 31. Rc1 Qe7 32. Qxf7 Qxf7 33. Rc8+ Qg8
34. Rxg8+ Kxg8 35. Nd2 Kf7 36. Nc4 b5 37. Nd6+ Ke6 38. Nxb5 Kd5 39. b3 Kc6 40.
a4 Kb6 41. b4 g6 42. Kf2 Kc6 43. Nc3 1-0

[Event "2017 Seattle Chess Classic"]
[Site "?"]
[Date "????.??.??"]
[Round "7"]
[White "Duleba, Krzysztof"]
[Black "Norovsambuu, Badamkhand"]
[Result "0-1"]
[WhiteElo "1821"]
[BlackElo "2120"]
[PlyCount "48"]
[SourceDate "2017.09.08"]
[SourceVersionDate "2017.09.08"]

1. Nf3 d5 2. e3 Nf6 3. b3 Bf5 4. Bb2 c6 5. Be2 Nbd7 6. O-O Qc7 7. d4 e6 8. c4
Be7 9. Nbd2 O-O 10. Ne5 Ne4 11. g4 Nxd2 12. Qxd2 Bg6 13. cxd5 exd5 14. f4 Be4
15. Bd3 Bxd3 16. Qxd3 Nf6 17. g5 Ne4 18. Qe2 f6 19. gxf6 Rxf6 20. Qh5 Bd6 21.
Ng4 Rg6 22. Rf3 Nf6 23. Qf5 Nxg4 24. Rg3 Nxe3 0-1

[Event "2017 Seattle Chess Classic"]
[Site "?"]
[Date "????.??.??"]
[Round "6"]
[White "Tu, Robin"]
[Black "Su, Ethan"]
[Result "1-0"]
[WhiteElo "1679"]
[BlackElo "1400"]
[PlyCount "43"]
[SourceDate "2017.09.09"]
[SourceVersionDate "2017.09.09"]

1. e4 e5 2. Bc4 Bc5 3. d3 Nf6 4. Nc3 d6 5. Na4 Bb6 6. Nxb6 axb6 7. f4 Nc6 8.
Nf3 exf4 9. Bxf4 O-O 10. O-O Bg4 11. h3 Bh5 12. g4 Bg6 13. Bg5 h6 14. Bh4 Nb8
15. Qd2 Nbd7 16. g5 hxg5 17. Bxg5 Qc8 18. Nh4 Bh5 19. Nf5 Re8 20. Bxf6 Nxf6 21.
Qg5 Bg6 22. Qxg6 1-0

[Event "2017 Seattle Chess Classic"]
[Site "?"]
[Date "????.??.??"]
[Round "8"]
[White "Mukumbya, Benjamin"]
[Black "Kuhner, Mary"]
[Result "1-0"]
[WhiteElo "2028"]
[BlackElo "1971"]
[PlyCount "103"]
[SourceDate "2017.09.09"]
[SourceVersionDate "2017.09.09"]

1. e4 e6 2. d4 d5 3. Nd2 Nf6 4. exd5 exd5 5. Bd3 Bd6 6. Ne2 O-O 7. O-O Nc6 8.
c3 Ne7 9. Ng3 c6 10. Re1 Bg4 11. Qc2 Qc7 12. Ndf1 h6 13. Ne3 Rfe8 14. Bd2 h5
15. Ngf1 b6 16. Nxg4 Nxg4 17. h3 Nf6 18. Bg5 Nd7 19. Qe2 g6 20. Qf3 Kg7 21. Ng3
Bxg3 22. fxg3 Ng8 23. Bf4 Qb7 24. Rf1 Re6 25. g4 hxg4 26. hxg4 f6 27. Qh3 Nf8
28. g5 f5 29. Rae1 Rae8 30. Rxe6 Rxe6 31. Kf2 Qe7 32. Rh1 c5 33. Qh8+ Kf7 34.
Be5 Rxe5 35. Qxe5 Qxe5 36. dxe5 Kg7 37. Ba6 Ne6 38. Rd1 Nc7 39. Bb7 Ne7 40. Kf3
Kf7 41. Rh1 Kg7 42. b4 c4 43. a4 Ne6 44. Rd1 Nc7 45. b5 Kf7 46. Rh1 Kg7 47. Ke3
Ne6 48. Rd1 Nc7 49. Bc6 Kf7 50. Bd7 Ng8 51. Rh1 Kg7 52. e6 1-0

[Event "2017 Seattle Chess Classic"]
[Site "?"]
[Date "????.??.??"]
[Round "9"]
[White "Du, Shuhan"]
[Black "Srinivasan, Harish"]
[Result "0-1"]
[WhiteElo "1709"]
[BlackElo "1949"]
[PlyCount "88"]
[SourceDate "2017.09.09"]
[SourceVersionDate "2017.09.09"]

1. d4 d5 2. c4 c6 3. Nf3 Nf6 4. Nc3 a6 5. e3 b5 6. cxd5 cxd5 7. a3 Bf5 8. Be2
Nc6 9. O-O e6 10. b3 Bd6 11. Bb2 O-O 12. Rc1 Rc8 13. Nh4 Bg6 14. Nxg6 hxg6 15.
Rc2 Na5 16. Nb1 Qe7 17. Rxc8 Rxc8 18. Bc3 Qc7 19. Bxa5 Qxa5 20. b4 Qc7 21. g3
Ne4 22. Bd3 f5 23. Bxe4 dxe4 24. Qb3 Kf7 25. Nd2 Qc3 26. Qxc3 Rxc3 27. Ra1 Ke7
28. Kf1 Kd8 29. Ke2 Kc7 30. a4 Bxb4 31. axb5 a5 32. Ra2 Rc1 33. h4 Kb6 34. f3
Bxd2 35. Rxd2 Rh1 36. fxe4 fxe4 37. Rc2 Rh2+ 38. Kd1 Rxc2 39. Kxc2 Kxb5 40. Kb3
a4+ 41. Ka3 Kc4 42. Kxa4 Kd3 43. Kb3 Kxe3 44. Kc3 Kf2 0-1

[Event "2017 Seattle Chess Classic"]
[Site "?"]
[Date "????.??.??"]
[Round "9"]
[White "Kuhner, Mary"]
[Black "Zhang, Brendan"]
[Result "0-1"]
[WhiteElo "1971"]
[BlackElo "2092"]
[PlyCount "40"]
[SourceDate "2017.09.09"]
[SourceVersionDate "2017.09.09"]

1. e4 c5 2. Nf3 Nc6 3. c3 d5 4. exd5 Qxd5 5. d3 Nf6 6. Nbd2 g6 7. Be2 Bg7 8.
O-O O-O 9. Nc4 b6 10. Ne3 Qd7 11. Nc2 e5 12. Be3 Nd5 13. d4 cxd4 14. cxd4 e4
15. Nfe1 Bb7 16. g3 Rac8 17. Qd2 Nxe3 18. fxe3 Ne7 19. Ng2 Nd5 20. Nf4 Rxc2 0-1

[Event "2017 Seattle Chess Classic"]
[Site "?"]
[Date "????.??.??"]
[Round "9"]
[White "Olson, Travis"]
[Black "Zhang, Eric"]
[Result "1-0"]
[WhiteElo "1937"]
[BlackElo "2023"]
[PlyCount "55"]
[SourceDate "2017.09.09"]
[SourceVersionDate "2017.09.09"]

1. d4 Nf6 2. c4 c5 3. d5 e6 4. Nc3 exd5 5. cxd5 d6 6. Bf4 a6 7. a4 g6 8. h3 Bg7
9. Nf3 O-O 10. e3 Re8 11. Bd3 Nh5 12. Bh2 f5 13. O-O Nd7 14. a5 Ne5 15. Bxe5
dxe5 16. Bc4 Qd6 17. e4 f4 18. Na4 Bd7 19. Nb6 Rad8 20. Ng5 Bf6 21. Ne6 Bb5 22.
Qb3 Rxe6 23. dxe6 Bxc4 24. Qxc4 Kf8 25. Nd7+ Ke7 26. Rad1 Qxe6 27. Qxc5+ Kf7
28. Nxe5+ 1-0

[Event "2017 Seattle Chess Classic"]
[Site "?"]
[Date "????.??.??"]
[Round "9"]
[White "Truelson, Joseph"]
[Black "Doknjas, John"]
[Result "0-1"]
[WhiteElo "2004"]
[BlackElo "2255"]
[PlyCount "76"]
[SourceDate "2017.09.09"]
[SourceVersionDate "2017.09.09"]

1. d4 Nf6 2. c4 c5 3. d5 e6 4. Nc3 exd5 5. cxd5 d6 6. Nf3 g6 7. g3 Bg7 8. Bg2
O-O 9. O-O a6 10. a4 Nbd7 11. Bf4 Qe7 12. Rb1 h6 13. b4 Nh5 14. Bd2 f5 15. Qc2
g5 16. Ne1 c4 17. Qa2 Ne5 18. Nf3 Nxf3+ 19. Bxf3 g4 20. Bh1 f4 21. Qxc4 Bf5 22.
Rbc1 Rac8 23. Qa2 Bg6 24. Rfe1 fxg3 25. hxg3 Nxg3 26. fxg3 Bxc3 27. Bg2 Bd4+
28. e3 Rxc1 29. Bxc1 Be5 30. Rf1 Rxf1+ 31. Bxf1 Bxg3 32. Qc4 Qf7 33. Bg2 Qf2+
34. Kh1 Qe1+ 35. Qf1 Qxf1+ 36. Bxf1 h5 37. b5 axb5 38. axb5 h4 0-1

[Event "2017 Seattle Chess Classic"]
[Site "?"]
[Date "????.??.??"]
[Round "9"]
[White "Breckenridge, Steven"]
[Black "Perez, Ignacio"]
[Result "1-0"]
[WhiteElo "2411"]
[BlackElo "2220"]
[PlyCount "109"]
[SourceDate "2017.09.09"]
[SourceVersionDate "2017.09.09"]

1. e4 d6 2. d4 Nf6 3. Nc3 g6 4. Bg5 Bg7 5. e5 Ng8 6. Nf3 c6 7. exd6 Qxd6 8. Ne4
Qd5 9. Nc5 Nd7 10. c4 Qd6 11. Nxd7 Bxd7 12. Qd2 Nf6 13. Bd3 Bg4 14. Bf4 Qd8 15.
Be2 O-O 16. h3 Bf5 17. O-O c5 18. d5 Qb6 19. g4 Bd7 20. Ne5 Rad8 21. Bf3 Bc8
22. Rfd1 Ne8 23. Nd3 Qa6 24. Nxc5 Qxc4 25. Be3 Qb5 26. a4 Qxb2 27. Qxb2 Bxb2
28. Rab1 Ba3 29. Nxb7 Bxb7 30. Rxb7 a5 31. Ra7 Bb4 32. Bb6 Rb8 33. Bxa5 Bc5 34.
Ra6 Rb3 35. Kg2 Ra3 36. Rc1 Bd6 37. Rc4 f5 38. gxf5 Rxf5 39. Bg4 Rf8 40. Bc3
Nf6 41. Be6+ Kg7 42. h4 Kh6 43. Bd2+ Kg7 44. Rxd6 exd6 45. Rc7+ Kh8 46. Bh6 Rg8
47. Ra7 Nh5 48. Bc1 Rb3 49. Bxg8 Kxg8 50. a5 Rb5 51. a6 Ra5 52. Bh6 Nf6 53.
Rg7+ Kf8 54. a7 Ng8 55. Bd2 1-0

[Event "2017 Seattle Chess Classic"]
[Site "?"]
[Date "????.??.??"]
[Round "9"]
[White "Zhang, Derek"]
[Black "Feng, Roland"]
[Result "0-1"]
[WhiteElo "2175"]
[BlackElo "2471"]
[PlyCount "138"]
[SourceDate "2017.09.09"]
[SourceVersionDate "2017.09.09"]

1. e4 e6 2. d4 d5 3. exd5 exd5 4. Bd3 Nf6 5. Nc3 c6 6. Nge2 Be7 7. O-O Na6 8.
a3 O-O 9. Ng3 Re8 10. Nce2 Nc7 11. c3 Bf8 12. Nf4 g6 13. Re1 Rxe1+ 14. Qxe1 Qd6
15. f3 Bd7 16. Qf2 Nce8 17. Bc2 Qc7 18. Nd3 Bd6 19. Bg5 Be6 20. Re1 Be7 21. Qe2
Ng7 22. Qe5 Bd6 23. Qe3 Nfh5 24. Nf1 f6 25. Bh4 Re8 26. Qd2 Nf5 27. Bf2 Nf4 28.
Qd1 Qf7 29. Ng3 Ng7 30. Nxf4 Bxf4 31. Ne2 Bh6 32. Ng3 Bf4 33. Ne2 Bd6 34. Bg3
Bf8 35. Nf4 Bd7 36. Rxe8 Qxe8 37. Qe2 Qf7 38. Nd3 Nf5 39. Bf4 Nd6 40. Nc5 Bc8
41. Bd3 b6 42. Nb3 h5 43. h3 h4 44. Qe1 g5 45. Bh2 Bf5 46. Bxf5 Nxf5 47. Nd2 c5
48. Nb3 a5 49. a4 cxd4 50. cxd4 Qd7 51. f4 Bh6 52. Qf1 Qe6 53. fxg5 Bxg5 54.
Bf4 Ng3 55. Bxg3 hxg3 56. Qd1 Qe3+ 57. Kh1 f5 58. Na1 Qf2 59. Nc2 Be3 60. b3
Kg7 61. b4 Kh6 62. bxa5 bxa5 63. Nxe3 Qxe3 64. Qa1 Qd2 65. Qg1 Kg5 66. h4+ Kxh4
67. Qa1 Kg5 68. Qg1 Kg6 69. Qf1 Qh6+ 0-1

[Event "2017 Seattle Chess Classic"]
[Site "?"]
[Date "????.??.??"]
[Round "8"]
[White "Pai, Ajay"]
[Black "Harish, Neeraj"]
[Result "1-0"]
[WhiteElo "1019"]
[BlackElo "1137"]
[PlyCount "73"]
[SourceDate "2017.09.09"]
[SourceVersionDate "2017.09.09"]

1. e4 e5 2. Nf3 Nc6 3. Bc4 Nf6 4. d3 Bc5 5. Bg5 d6 6. h3 Qe7 7. Nc3 Be6 8. Bb3
O-O-O 9. Nd5 Bxd5 10. Bxd5 Nd4 11. c3 Nxf3+ 12. Qxf3 h6 13. Bxf6 Qxf6 14. Qxf6
gxf6 15. Bxf7 Rdf8 16. Be6+ Kd8 17. O-O Ke7 18. Bf5 h5 19. Rac1 Rf7 20. Rfd1 h4
21. d4 exd4 22. cxd4 Bb6 23. b4 Rg7 24. a4 a5 25. bxa5 Bxa5 26. Rb1 Bb6 27. Rb5
Rhg8 28. Bg4 Ra8 29. Rb4 Rg5 30. d5 Ra7 31. Rdb1 Bc5 32. Rxb7 Rxa4 33. Rxc7+
Kd8 34. Rd7+ Kc8 35. Rdb7+ Kd8 36. Rb8+ Ke7 37. R1b7# 1-0

[Event "2017 Seattle Chess Classic"]
[Site "?"]
[Date "????.??.??"]
[Round "8"]
[White "Zhang, Brendan"]
[Black "Bashkansky, Naomi"]
[Result "0-1"]
[WhiteElo "2092"]
[BlackElo "1995"]
[PlyCount "89"]
[SourceDate "2017.09.09"]
[SourceVersionDate "2017.09.09"]

1. d4 d5 2. c4 dxc4 3. Nf3 Nf6 4. e3 e6 5. Bxc4 c5 6. O-O a6 7. Bb3 b6 8. Nc3
Bb7 9. Qe2 Nbd7 10. Rd1 Qc7 11. h3 Rc8 12. a4 Be7 13. e4 cxd4 14. Nxd4 Bb4 15.
Bc2 Bxc3 16. bxc3 O-O 17. Bg5 h6 18. Bh4 g6 19. Bxf6 Nxf6 20. e5 Nd5 21. Re1
Nf4 22. Qg4 Nxg2 23. Red1 Qxe5 24. Bxg6 Kh8 25. Nxe6 Qxe6 26. Rd7 Qxg4 27. hxg4
Bc6 28. Rxf7 Rxf7 29. Bxf7 Nf4 30. Rb1 Bd5 31. Bxd5 Nxd5 32. Rd1 Nxc3 33. Rd6
Nxa4 34. Rxh6+ Kg7 35. Rd6 Rf8 36. Kg2 Rf6 37. Rd7+ Kg6 38. Kg3 Nc3 39. Re7 b5
40. f4 Rb6 41. g5 Nd5 42. Re5 b4 43. Rxd5 b3 44. Kg4 b2 45. Rd7 0-1

[Event "2017 Seattle Chess Classic"]
[Site "?"]
[Date "????.??.??"]
[Round "9"]
[White "Anand, Vignesh"]
[Black "Jiang, Brandon"]
[Result "1-0"]
[WhiteElo "1820"]
[BlackElo "1826"]
[PlyCount "68"]
[SourceDate "2017.09.09"]
[SourceVersionDate "2017.09.09"]

1. d4 d5 2. Bf4 Nf6 3. Nf3 e6 4. e3 c5 5. c3 Nc6 6. Nbd2 Bd6 7. Bg3 Bxg3 8.
hxg3 Qd6 9. Bd3 Bd7 10. Qe2 O-O-O 11. O-O h5 12. dxc5 Qxc5 13. b4 Qd6 14. e4
Ng4 15. b5 Nce5 16. c4 Nxf3+ 17. Nxf3 f6 18. c5 Qc7 19. c6 Be8 20. Rfc1 Kb8 21.
cxb7 Qd6 22. exd5 exd5 23. Nd4 Ne5 24. Bf5 Nc4 25. Qe6 Qxe6 26. Nxe6 Rd7 27.
Nc5 Re7 28. Bc8 Bxb5 29. Rab1 Rxc8 30. bxc8=Q+ Kxc8 31. Rxb5 g5 32. Na6 Re2 33.
Rxd5 Rxa2 34. Rxc4+ Kb7 1-0

[Event "2017 Seattle Chess Classic"]
[Site "?"]
[Date "????.??.??"]
[Round "9"]
[White "Doknjas, Joshua"]
[Black "Su, Michael"]
[Result "1-0"]
[WhiteElo "2223"]
[BlackElo "1974"]
[PlyCount "191"]
[SourceDate "2017.09.09"]
[SourceVersionDate "2017.09.09"]

1. e4 c5 2. Nf3 e6 3. c3 d5 4. exd5 Qxd5 5. d4 Nf6 6. Na3 Nc6 7. Be3 cxd4 8.
Nb5 Qd8 9. Nbxd4 Nd5 10. Bg5 Qb6 11. Bc4 Nxd4 12. Nxd4 Bc5 13. Bxd5 Bxd4 14.
O-O Bxc3 15. Bb3 Bf6 16. Bxf6 gxf6 17. Ba4+ Ke7 18. Qd3 Qd8 19. Qe3 Qb6 20. Qh6
Qa5 21. Qg7 Bd7 22. Bxd7 Rag8 23. Qh6 Qd5 24. g3 Qxd7 25. Qe3 b6 26. Rfd1 Qa4
27. Rd4 Qa5 28. Rad1 Rd8 29. Qd3 Rxd4 30. Qxd4 Qc5 31. Qd7+ Kf8 32. Qxa7 Kg7
33. Qa4 b5 34. Qg4+ Qg5 35. Rd4 h5 36. Qxg5+ fxg5 37. Rb4 Ra8 38. Rxb5 Rxa2 39.
Rxg5+ Kh6 40. Rb5 Ra4 41. b4 Ra2 42. Kg2 Rb2 43. Rb7 f6 44. Rb6 Kg5 45. h4+ Kf5
46. Rb8 e5 47. Rb5 Ke4 48. Rb6 Kf5 49. Rb8 Ke4 50. Rh8 Rxb4 51. Rxh5 Kd5 52.
Rh8 Ke6 53. Ra8 Kf5 54. Ra6 Kg6 55. Ra3 Rb2 56. g4 Rb6 57. Rf3 Rb4 58. Kg3 Rb1
59. h5+ Kg7 60. Kh4 Rh1+ 61. Rh3 Rg1 62. Ra3 Rf1 63. f3 Rh1+ 64. Kg3 Rg1+ 65.
Kf2 Rb1 66. Kg2 Rb4 67. Kg3 Rb1 68. Ra7+ Kg8 69. Kf2 Rb3 70. h6 Rb2+ 71. Kg3
Rb1 72. h7+ Kh8 73. Kf2 Rh1 74. Rf7 Rxh7 75. Rxf6 Re7 76. Ke3 Kg7 77. Rf5 e4
78. fxe4 Kg6 79. Kf4 Ra7 80. Rb5 Rf7+ 81. Ke5 Rf1 82. Ke6 Rf4 83. e5 Rxg4 84.
Rb7 Re4 85. Kd6 Kf5 86. Rf7+ Kg6 87. Rf1 Rd4+ 88. Ke7 Ra4 89. Rf6+ Kg7 90. Rd6
Ra5 91. e6 Ra7+ 92. Rd7 Ra1 93. Ke8+ Kf6 94. e7 Ra8+ 95. Rd8 Ra6 96. Kf8 1-0